| Tag |
First Indicator |
Second Indicator |
Subfields |
| LEADER |
00000cam a2200000 a 4500 |
| 001 |
in00001297321 |
| 005 |
20151004085005.0 |
| 007 |
he bmb024baca |
| 008 |
930317s1991 nyua bb l000 0 eng d |
| 035 |
|
|
|a (OCoLC)27748975
|
| 035 |
|
|
|9 AGZ3396AM
|
| 040 |
|
|
|a WK9
|c WK9
|d UtOrBLW
|
| 049 |
|
|
|a TXAI
|
| 099 |
|
|
|a Fiche
|a C
|a 3276 ; ELA 7-105).
|
| 245 |
0 |
0 |
|a Middle school English language arts curriculum guide /
|c Horseheads Central School District.
|
| 264 |
|
1 |
|a Horseheads, N.Y. :
|b The District,
|c 1991.
|
| 300 |
|
|
|a 203 pages :
|b illustrations
|
| 336 |
|
|
|a text
|b txt
|2 rdacontent
|
| 337 |
|
|
|a microform
|b h
|2 rdamedia
|
| 338 |
|
|
|a microfiche
|b he
|2 rdacarrier
|
| 500 |
|
|
|a Grades 7-8.
|
| 504 |
|
|
|a Includes bibliographical references.
|
| 533 |
|
|
|a Microfiche.
|b Millwood, N.Y. :
|c Kraus International Publications,
|d 1992.
|e 3 microfiches.
|f (Kraus curriculum development library ; ELA 7-105).
|
| 500 |
|
|
|a Microform.
|
| 650 |
|
0 |
|a Language arts (Elementary)
|
| 650 |
|
4 |
|a Composition/written expression.
|
| 650 |
|
4 |
|a Comprehension.
|
| 650 |
|
4 |
|a Listening/speaking skills.
|
| 650 |
|
4 |
|a Motivation for writing/speaking.
|
| 650 |
|
4 |
|a Reading.
|
| 650 |
|
4 |
|a Reasoning skills.
|
| 650 |
|
4 |
|a Values.
|
| 710 |
2 |
|
|a Horseheads Central School District (N.Y.)
|
| 830 |
|
0 |
|a Kraus Curriculum Development library ;
|v ELA 7-105.
|
| 999 |
|
|
|a MARS
|
| 999 |
f |
f |
|s b14e183c-4b65-36ec-b3cd-a8da02223507
|i ba4d891d-ede1-304d-a7bb-ec8221f94da2
|t 0
|
| 952 |
f |
f |
|p normal
|a Texas A&M University
|b College Station
|c Sterling C. Evans Library
|d Evans: Microforms Fiche (3rd floor)
|t 0
|e Fiche C 3276 ELA 7-105
|h Other scheme
|i microform -- microfiche
|m A14821697479
|
| 998 |
f |
f |
|a Fiche C 3276 ELA 7-105
|t 0
|l Evans: Microforms Fiche (3rd floor)
|